Načítá se...

Song of songs

Podrobná bibliografie
Hlavní autor: Solomon
Médium: Printed Book
Jazyk:English
Vydáno: D.C. Books, Kottayam D.C. Books, Kottayam 1997
LEADER 00439nam a2200121Ia 4500
008 111205s9999 xx 000 0 eng d
100 |a Solomon 
245 |a Song of songs  |c Solomon 
260 |b D.C. Books, Kottayam  |a D.C. Books, Kottayam  |c 1997 
300 |a 52 
942 |c BK 
999 |c 207757  |d 207757 
952 |0 0  |1 0  |2 ddc  |4 0  |6 E_821_080000000000000_SON  |7 0  |9 229774  |a MAL  |b MAL  |c ST1  |d 2011-12-05  |g 50.00  |l 0  |o E 821.08 SON  |p MAL25231  |r 2011-12-05  |v 50.00  |w 2011-12-05  |y BK